[Event "RUS Cup tt"]
[Site "Sochi"]
[Date "2024.12.01"]
[Round "5.4"]
[White "Postnikov, Albert"]
[Black "Ponkratov, Pavel"]
[Result "1/2-1/2"]
[WhiteElo "2194"]
[BlackElo "2562"]
[PlyCount "274"]
[EventDate "2024.11.27"]
[EventType "team-swiss"]
[EventRounds "7"]
[EventCountry "RUS"]
[SourceTitle "CB50_2024"]
[SourceDate "2024.11.01"]
[SourceVersion "1"]
[SourceVersionDate "2024.11.01"]
[SourceQuality "2"]
[WhiteTeam "Qkutiya"]
[BlackTeam "KPRF Club"]
[WhiteTeamCountry "RUS"]
[BlackTeamCountry "RUS"]

1. d4 Nf6 2. c4 e6 3. Nf3 d5 4. Nc3 dxc4 5. e3 a6 6. Bxc4 b5 7. Bb3 Bb7 8. 0-0 Be7 9. Qe2 b4 10. Na4 0-0 11. Bd2 Ne4 12. Rac1 Nd7 13. Rfd1 Qb8 14. Be1 Bd6 15. Ne5 Nxe5 16. dxe5 Bxe5 17. Bxb4 Rd8 18. Nc5 Bd5 19. Bxd5 exd5 20. Ba3 Qb6 21. Nd3 Bd6 22. Bxd6 Rxd6 23. Qc2 Rc8 24. Nc5 Nf6 25. Rd4 Rc6 26. b4 a5 27. a3 Ra8 28. h3 axb4 29. axb4 Qb5 30. Qd1 h6 31. Ra1 Rxa1 32. Qxa1 Rb6 33. Rf4 Qc6 34. Qe5 Rb8 35. Rd4 Re8 36. Qf5 Qd6 37. g3 c6 38. Kg2 Rb8 39. Rf4 Qe7 40. Rd4 Ra8 41. e4 g6 42. Qf4 Kg7 43. e5 Nh7 44. e6 fxe6 45. Qe5+ Kg8 46. Qxe6+ Qxe6 47. Nxe6 Kf7 48. Nf4 g5 49. Nd3 Ke6 50. h4 Nf6 51. hxg5 hxg5 52. Nc5+ Kd6 53. Rd2 Rb8 54. Nd3 Ra8 55. Nc5 Rb8 56. Nd3 Re8 57. Nc5 Re1 58. Rb2 Ne8 59. f4 gxf4 60. gxf4 Ng7 61. Kf2 Rd1 62. Ke2 Rd4 63. Nd3 Re4+ 64. Kd2 Re7 65. Kc3 Ra7 66. Kb3 Nf5 67. Rg2 Nd4+ 68. Kc3 Nb5+ 69. Kb2 d4 70. Ne5 Kd5 71. Rg6 Nd6 72. Kb3 Rh7 73. Rg3 Rh1 74. Kc2 Rh2+ 75. Kb3 Ne4 76. Rg8 Rh3+ 77. Kb2 Rh2+ 78. Kb3 Nd2+ 79. Ka4 Rh6 80. Rd8+ Ke4 81. b5 cxb5+ 82. Kxb5 Rh7 83. Nc6 Nf3 84. Re8+ Kd3 85. Nxd4 Nxd4+ 86. Kc5 Rc7+ 87. Kd6 Rf7 88. Re1 Nf5+ 89. Kc5 Rc7+ 90. Kd5 Ne3+ 91. Kd6 Rc4 92. Ra1 Ke4 93. Re1 Rc3 94. f5 Kxf5 95. Rh1 Rd3+ 96. Kc5 Ke5 97. Rh5+ Nf5 98. Kc4 Rd4+ 99. Kc5 Rd8 100. Rg5 Rc8+ 101. Kb5 Ke4 102. Rg4+ Kd5 103. Kb4 Nd6 104. Rg5+ Kd4 105. Rg4+ Ne4 106. Kb5 Kd5 107. Kb6 Rc6+ 108. Kb5 Rc2 109. Kb6 Nf6 110. Rg5+ Kd4 111. Kb5 Rc1 112. Rg6 Rc5+ 113. Ka4 Ne4 114. Rg4 Rc4+ 115. Ka5 Kc5 116. Rh4 Rd4 117. Rh5+ Kc6 118. Rh6+ Nd6 119. Rg6 Rh4 120. Rf6 Kd5 121. Rg6 Kc6 122. Rf6 Kc5 123. Rg6 Nb7+ 124. Ka6 Rb4 125. Rg5+ Kc6 126. Rg6+ Nd6 127. Ka5 Rb1 128. Ka4 Kc5 129. Rg5+ Kd4 130. Rg4+ Ne4 131. Rh4 Kd5 132. Ka3 Rb8 133. Rh5+ Kc4 134. Rh4 Rb3+ 135. Ka4 Re3 136. Ka5 Kc5 137. Rh5+ Kc4 1/2-1/2

[Event "RUS Cup tt"]
[Site "Sochi"]
[Date "2024.11.27"]
[Round "1.24"]
[White "Ivanov, Aleksandr Lukich"]
[Black "Postnikov, Albert"]
[Result "0-1"]
[WhiteElo "2003"]
[BlackElo "2194"]
[PlyCount "120"]
[EventDate "2024.11.27"]
[EventType "team-swiss"]
[EventRounds "7"]
[EventCountry "RUS"]
[SourceTitle "CB50_2024"]
[SourceDate "2024.11.01"]
[SourceVersion "1"]
[SourceVersionDate "2024.11.01"]
[SourceQuality "2"]
[WhiteTeam "Qkutiya II"]
[BlackTeam "Qkutiya"]
[WhiteTeamCountry "RUS"]
[BlackTeamCountry "RUS"]

1. d4 d5 2. c4 c6 3. Nf3 Nf6 4. Nc3 e6 5. Bg5 dxc4 6. e4 b5 7. e5 h6 8. Bh4 g5 9. Nxg5 hxg5 10. Bxg5 Nbd7 11. exf6 Bb7 12. g3 c5 13. d5 Qb6 14. Bg2 0-0-0 15. 0-0 b4 16. Rb1 Qa6 17. dxe6 Bxg2 18. e7 Bxf1 19. Kxf1 Bxe7 20. fxe7 Rdg8 21. Ne4 Rxg5 22. Nxg5 Re8 23. Qe2 Qg6 24. Qe4 Qxe4 25. Nxe4 Kc7 26. Rc1 Rxe7 27. Rxc4 Kc6 28. h4 Kd5 29. Nd2 Ne5 30. Re4 f5 31. Re3 c4 32. Nf3 Nc6 33. Rxe7 Nxe7 34. Ke2 a5 35. Ke3 a4 36. Nd4 Kc5 37. Ne6+ Kd6 38. Nf4 c3 39. Nd3 Nd5+ 40. Kd4 cxb2 41. Nxb2 Nc3 42. a3 Nb5+ 43. Kd3 bxa3 44. Nc4+ Kc5 45. Ne3 a2 46. Nc2 Nd4 47. Na1 Nb3 48. Nc2 Kd6 49. Kc3 a1Q+ 50. Nxa1 Nxa1 51. Kb4 Nb3 52. Kxa4 Nc5+ 53. Kb5 Ne4 54. Kc4 Nxf2 55. Kd4 Ng4 56. Kd3 Ke5 57. Ke2 Ke4 58. h5 Ke5 59. Kf3 Kf6 60. Kf4 Nh6 0-1

[Event "St Petersburg Korchnoi Memorial op"]
[Site "St Petersburg"]
[Date "2024.08.18"]
[Round "3"]
[White "Belikov, Semen"]
[Black "Postnikov, Albert"]
[Result "0-1"]
[WhiteElo "1941"]
[BlackElo "2150"]
[PlyCount "62"]
[EventDate "2024.08.17"]
[EventType "swiss"]
[EventRounds "9"]
[EventCountry "RUS"]
[SourceTitle "CBM 221 Extra"]
[Source "ChessBase"]
[SourceDate "2024.09.30"]
[SourceVersion "1"]
[SourceVersionDate "2024.09.30"]
[SourceQuality "1"]

1. d4 Nf6 2. c4 g6 3. Nc3 Bg7 4. e4 d6 5. f4 0-0 6. Nf3 c5 7. d5 Bg4 8. h3 Bxf3 9. Qxf3 e6 10. Bd3 exd5 11. cxd5 Re8 12. 0-0 Nbd7 13. g4 a6 14. g5 Nh5 15. a4 Rc8 16. Bc2 c4 17. Be3 Nc5 18. f5 Be5 19. f6 Qa5 20. Ra3 Qb4 21. Bc1 Nb3 22. Bxb3 cxb3 23. Bd2 Rc4 24. Re1 Ng3 25. Kg2 Rec8 26. Re3 Nh5 27. Ra1 Bf4 28. Re2 Bxd2 29. Rxd2 Rxc3 30. bxc3 Rxc3 31. Rd3 Rxd3 0-1

[Event "St Petersburg Korchnoi Memorial op"]
[Site "St Petersburg"]
[Date "2024.08.17"]
[Round "1"]
[White "Abgaryan, Harutyun V"]
[Black "Postnikov, Albert"]
[Result "0-1"]
[WhiteElo "1795"]
[BlackElo "2150"]
[PlyCount "102"]
[EventDate "2024.08.17"]
[EventType "swiss"]
[EventRounds "9"]
[EventCountry "RUS"]
[SourceTitle "CBM 221 Extra"]
[Source "ChessBase"]
[SourceDate "2024.09.30"]
[SourceVersion "1"]
[SourceVersionDate "2024.09.30"]
[SourceQuality "1"]

1. e4 c5 2. Nf3 Nc6 3. Bb5 g6 4. Bxc6 bxc6 5. 0-0 Bg7 6. Re1 d6 7. e5 Bg4 8. exd6 Qxd6 9. h3 Bxf3 10. Qxf3 Nf6 11. Nc3 0-0 12. d3 e5 13. b3 Rfe8 14. Ba3 Nd7 15. Rad1 f5 16. Na4 Bf8 17. c3 Qd5 18. Qxd5+ cxd5 19. d4 cxd4 20. Bxf8 Kxf8 21. cxd4 e4 22. Rc1 Rec8 23. Nc3 Nb6 24. a4 a5 25. f4 Ke7 26. Kf2 Kd7 27. Nb5 Rab8 28. Ke3 Na8 29. Rc5 Rxc5 30. dxc5 Nc7 31. c6+ Kd8 32. Rd1 Rb6 33. Nd4 Ke7 34. g4 fxg4 35. hxg4 Ne6 36. Nb5 Rxc6 37. Rxd5 Rc1 38. f5 gxf5 39. gxf5 Ng5 40. Kf4 h6 41. Ke5 e3 42. f6+ Kf7 43. Rd7+ Kg6 44. Nd4 e2 45. Rg7+ Kh5 46. Nxe2 Re1 47. Ra7 Rxe2+ 48. Kf4 Kg6 49. Rxa5 Re4+ 50. Kg3 Re3+ 51. Kf4 Rf3+ 0-1

[Event "RUS Cup tt"]
[Site "Sochi"]
[Date "2023.11.27"]
[Round "1.8"]
[White "Navumenka, Mikhei"]
[Black "Postnikov, Albert"]
[Result "1/2-1/2"]
[WhiteElo "2201"]
[BlackElo "1964"]
[PlyCount "81"]
[EventDate "2023.11.27"]
[EventType "team-swiss"]
[EventRounds "7"]
[EventCountry "RUS"]
[SourceTitle "CBM 217 Extra"]
[Source "ChessBase"]
[SourceDate "2024.01.31"]
[SourceVersion "1"]
[SourceVersionDate "2024.01.31"]
[SourceQuality "1"]
[WhiteTeam "Belarus"]
[BlackTeam "Sakha Qkutiya"]
[WhiteTeamCountry "BLR"]
[BlackTeamCountry "RUS"]

1. d4 Nf6 2. Nf3 g6 3. g3 Bg7 4. Bg2 0-0 5. 0-0 d6 6. c4 Nc6 7. Nc3 e5 8. d5 Nb8 9. e4 a5 10. Ne1 Na6 11. Nd3 Nd7 12. f4 exf4 13. gxf4 f5 14. Re1 fxe4 15. Nxe4 Ndc5 16. Ng5 Re8 17. Be3 Nxd3 18. Qxd3 Bf5 19. Qd2 Qf6 20. b3 Nb4 21. Ne6 Nc2 22. Rac1 Bxe6 23. Qxc2 Bf5 24. Qf2 b6 25. Rcd1 Qf7 26. Bd4 Rxe1+ 27. Rxe1 Re8 28. Rxe8+ Qxe8 29. Bxg7 Kxg7 30. Qd4+ Kf7 31. Kf2 Qd8 32. Kg3 Qe7 33. Qd2 Qf6 34. Bh3 Bxh3 35. Kxh3 Qf5+ 36. Kg3 h5 37. h3 Qe4 38. Qf2 a4 39. Qf3 Qd4 40. Qe2 axb3 41. Kf3 1/2-1/2